| 000 | 00590nam a22001937a 4500 | ||
|---|---|---|---|
| 005 | 20251108164712.0 | ||
| 008 | 250721s1985 xx 000 0 ara d | ||
| 082 | 1 | 4 | _a811.909565/مهي |
| 100 | 1 | _aمهيدات، محمود محسن فالح | |
| 245 | 1 | 0 | _aإتجاهات شعراء شمال الأردن 1920 - 1980 / |
| 264 | 1 |
_aعمان : _bدار ابن رشد، _c1985. |
|
| 300 | _a313ص. | ||
| 650 | 1 | 7 | _aالشعر العربي |
| 650 | 1 | 7 | _aالتاريخ الأدبي |
| 650 | 1 | 7 | _aالنقد الأدبي |
| 650 | 1 | 7 | _aالأردن |
| 942 |
_2ddc _cBK |
||
| 999 |
_c12217 _d12217 |
||